[Event "EU-chT (Women) 08th"]
[Site "Novi Sad"]
[Date "2009.10.22"]
[Round "1"]
[White "Stiri, Alexandra"]
[Black "Sasmazel, Burcu"]
[Result "1-0"]
[WhiteElo "2198"]
[BlackElo "1912"]
[PlyCount "69"]
[EventDate "2009.10.22"]
[EventType "team-swiss"]
[EventRounds "9"]
[EventCountry "YUG"]
[SourceTitle "EXT 2010"]
[Source "ChessBase"]
[SourceDate "2010.11.25"]
[SourceVersion "1"]
[SourceVersionDate "2010.11.25"]
[SourceQuality "1"]
[WhiteTeam "Greece (W)"]
[BlackTeam "Turkey (W)"]
[WhiteTeamCountry "GRE"]
[BlackTeamCountry "TUR"]

1. e4 e5 2. Nf3 Nc6 3. d4 exd4 4. Nxd4 Bc5 5. Be3 Qf6 6. c3 Nge7 7. Bc4 Ne5 8. Be2 d5 9. f4 N5g6 10. e5 Qb6 11. b4 Bxd4 12. Bxd4 Qe6 13. 0-0 Nf5 14. Na3 c6 15. Nc2 Bd7 16. Bg4 Nge7 17. Bc5 h5 18. Bh3 Qg6 19. Qd2 Be6 20. Rae1 h4 21. Ne3 Nxe3 22. Qxe3 Bf5 23. Bxe7 Kxe7 24. Qc5+ Ke8 25. Bxf5 Qxf5 26. e6 fxe6 27. Re5 Qf6 28. Qd6 Kf7 29. f5 Rad8 30. fxe6+ Ke8 31. Qc7 Qe7 32. Rf7 Qxc7 33. Rxc7 d4 34. cxd4 Rxd4 35. e7 1-0